00385nam a2200109Ia 4500008004100000082000800041100001500049245009100064942000600155952009900161999001500260240331s9999 xx 000 0 und d bTHI aCenwor. ed 0aThird national convention on women's studies :bwomen history and social change,women  cL 001040708LaWERCLbWERCLcSSCd2024-03-31l0o 060.3054 THIp877r2024-03-31w2024-03-31yL c5510d5510